| 000 | 00572nam a2200193Ia 4500 | ||
|---|---|---|---|
| 005 | 20250508165940.0 | ||
| 008 | 008 250505s9999 xx 000 0 eng d | ||
| 037 | _aDissertations | ||
| 040 |
_aFEDL _beng _cFEDL |
||
| 041 |
_aeng _2eng |
||
| 084 |
_a305.8, SHA/DI _qFEDL |
||
| 100 |
_aSharma Anamica _9782502 |
||
| 245 | 0 | _aCommunal action, secular reaction: A response by Indian school textbooks | |
| 260 | _c2018 | ||
| 300 | _a61p. | ||
| 546 | _aM.Ed. Dissertation, (Delhi University) | ||
| 942 |
_cDIS _h305.8, SHA/DI |
||
| 999 |
_c1398364 _d1398364 |
||